000 00444nam a22001697a 4500
005 20230720082315.0
008 230720b |||||||| |||| 00| 0 eng d
020 _a0619121270
082 _a005.71
_bCHA-M
100 _aChambers, Larry;
245 _aMCSE guide to Microsoft Exchange Server 2003 administration
260 _aCanada
_bThomson
_c2006
300 _a548p
500 _aIndex Include.
650 _aElectronic Data
999 _c33071
_d33071